STRUCTURAL ANALYSIS II (Record no. 5371)

MARC details
000 -LEADER
fixed length control field 00405nam a22001697a 4500
005 - DATE AND TIME OF LATEST TRANSACTION
control field 20170401134433.0
008 - FIXED-LENGTH DATA ELEMENTS--GENERAL INFORMATION
fixed length control field 170401b xxu||||| |||| 00| 0 eng d
020 ## - INTERNATIONAL STANDARD BOOK NUMBER
ISBN 978-93-259-6880-6
041 ## - LANGUAGE CODE
Language code of text/sound track or separate title eng
100 ## - MAIN ENTRY--AUTHOR NAME
Personal name BHAVIKATTI,S.S
245 ## - TITLE STATEMENT
Title STRUCTURAL ANALYSIS II
250 ## - EDITION STATEMENT
Edition statement 4th
260 ## - PUBLICATION, DISTRIBUTION, ETC. (IMPRINT)
Name of publisher VIKASH PUBLICATION HOUSE
Year of publication 1999
300 ## - PHYSICAL DESCRIPTION
Number of Pages 429
650 ## - SUBJECT ADDED ENTRY--TOPICAL TERM
Topical Term ENGINEERING
942 ## - ADDED ENTRY ELEMENTS (KOHA)
Koha item type Books
Holdings
Lost status Damaged status Home library Current library Shelving location Date acquired Source of acquisition Cost, normal purchase price Full call number Accession Number Koha item type
    JRU Library   SHELF-49-C 30/04/2017 PURCHASE 450.00 624.171 21573 Books
    JRU Library   SHELF-6-D 30/04/2017 PURCHASE 450.00 624.171 21574 Books
    JRU Library   SHELF-49-C 30/04/2017 PURCHASE 450.00 624.171 21575 Books